000
00248nam a22000857a 4500
008
161201b xxu||||| |||| 00| 0 eng d
100
_9
1638
_a
Kumar,K,etal
245
_a
Primary Interactions in english- Work book III
260
_a
New Delhi
_b
Frank Bro.
_c
2005
999
_c
4352
_d
4352